Teachers' difficulties in arithmetic and their correctives (Record no. 1362294)

MARC details
000 -LEADER
fixed length control field 00651nam a2200205Ia 4500
005 - DATE AND TIME OF LATEST TRANSACTION
control field 20250508160146.0
008 - FIXED-LENGTH DATA ELEMENTS--GENERAL INFORMATION
fixed length control field 008 250505s9999 xx 000 0 eng d
037 ## - SOURCE OF ACQUISITION
Stock number Books to be hide in OPAC
040 ## - CATALOGING SOURCE
Original cataloging agency FEDL
Language of cataloging eng
Transcribing agency FEDL
041 ## - LANGUAGE CODE
Language code of text/sound track or separate title eng
Source of code eng
084 ## - COLON CLASSIFICATION NUMBER
Classification number 001, STR/O
Assigning agency FEDL
100 ## - MAIN ENTRY--PERSONAL NAME
Personal name Streitz Ruth
9 (RLIN) 767990
245 #0 - TITLE STATEMENT
Title Teachers' difficulties in arithmetic and their correctives
245 #0 - TITLE STATEMENT
Statement of responsibility, etc. Bureau of Educational Research, College of Education
260 ## - PUBLICATION, DISTRIBUTION, ETC.
Place of publication, distribution, etc. Urbana
Name of publisher, distributor, etc. The University of Illinois
Date of publication, distribution, etc. 1924
300 ## - PHYSICAL DESCRIPTION
Extent 33p
546 ## - LANGUAGE NOTE
Language note Bulletin No. 18; Weeded out
942 ## - ADDED ENTRY ELEMENTS (KOHA)
Koha item type Books to be hide in OPAC
Classification part 001, STR/O
Holdings
Withdrawn status Lost status Damaged status Not for loan Home library Current library Date acquired Total Checkouts Full call number Barcode Date last seen Price effective from Koha item type
        Department of Education Library Department of Education Library 2025-05-08   001, STR/O EL0048298 2025-05-08 2025-05-08 Books to be hide in OPAC
Copyright @ Delhi University Library System